00754 a2200205 4500022001200000050002300012100002700035110003400062245018600096264004600282300001100328500004900339650003000388650001900418651001800437700002400455700002700479700002500506710001700531 Ino issn00aKTL19.A35 SOU 1969 aDuncan, Graemeeeditor aSupreme Court of South Africa04aSouth African law reports 1969 (1) March : bDecisions of the Supreme Court of South Africa, South-West Africa division, High court of Rhodesia /cGraeme Duncan, M. Barnett ...et al aSouth Africa:bJuta and Company LTDc1969 a300p.: aIncludes bibliographical reference and index 0aLaw reports, digests, etc 0aTable of cases 7aSouth Africa.1 aBarnett, M.eeditor1 aBuchanan, J.L.eeditor1 aFisher, D.S.eeditor1 aSouth Africa